000
00237nam a2200097Ia 4500
005
20251222114345.0
008
251222s1900||||xx |||||||||||||| ||spa||
082
_a
DVD0190/R47/2006
245
0
_a
Conversatorio con Oswaldo Reynoso:
942
_c
DVD
999
_c
993
_d
993